| 000 | 01186nam a22003137a 4500 | ||
|---|---|---|---|
| 003 | CHAP | ||
| 005 | 20220329135810.0 | ||
| 008 | 971013s1995 r 00010 d | ||
| 010 | _a42396 | ||
| 011 | _a43368 | ||
| 035 | _a47504 | ||
| 040 | _cCHAP | ||
| 082 |
_a301.4446 _bA8Y |
||
| 110 |
_aAsociación Nacional de Universidades e Instituciones de Educación Superior. México _98094 |
||
| 245 |
_aNuevas tecnologías, nuevas profesiones _b: las nuevas tecnologías y los efectos que ejercen sobre las profesiones y la formación en sectores promisorios de la actividad económica, en Cataluña y en Europa |
||
| 260 |
_aMéxico, D.F. : _bLa Asociación, _c1995 |
||
| 300 | _a348 p. | ||
| 590 |
_aBATCH-UPD _b10 _c20130110 _lUCH01 _h1208 |
||
| 590 |
_aBATCH-UPD _b10 _c20130410 _lUCH01 _h0748 |
||
| 590 |
_aBATCH-UPD _b10 _c20130913 _lUCH01 _h2216 |
||
| 590 |
_aCONVERSION _b10 _c20130109 _lUCH01 _h1323 |
||
| 650 | 1 | 4 |
_aAgrónomos. _92200 |
| 650 | 1 | 4 |
_aProfesiones. _992237 |
| 650 | 1 | 4 |
_aTecnología. _9111937 |
| 710 | 0 |
_aInstitut Catala de Noves Professions. _958990 |
|
| 901 | _aBK | ||
| 942 | _cLIBRO | ||
| 949 |
_a301.4446 A8Y _bBC _cLIBRO _d33724000004206 _eLIBRO _h88960 _i47504 _mD _si |
||
| 999 |
_c42396 _d42396 |
||